000 00849nam a2200205Ii 4500
003 JO-AjNU
008 230605s9999||||xx |||||||||||||| ||und||
020 _a978-84-16982-11-0
040 _aJO-AjNU
_bara
_erda
_cJO-AjNU
041 _aara
050 1 4 _aTA416 2016
100 3 _aتأليف: الحسبان، احمد عبد ربه واخروون... ؛ تحرير رافع حقي,
_eauthor
_957363
245 0 0 _aمشروع تيوننج الشرق الاوسط وشمال افريقيا: نقاط مرجعية لتصميم وتقديم برامج جامعية في هندسة العمارة
264 3 1 _aبلباو: جامعة ديوستو ، 2016
300 _a198ص
336 _atext
_btxt
_2rdacontent
337 _aunmediated
_bn
_2rdamedia
338 _avolume
_bnc
_2rdacarrier
650 4 _aالهندسة - دراسة وتعليم
_957364
999 _aA25699
_c29267
_d29267